| 000 | 00802nas a2200229 a 4500 | ||
|---|---|---|---|
| 005 | 20170519123201.0 | ||
| 008 | 951108c19909999ck ur p 0 0spa d | ||
| 022 | _a0123-9082 | ||
| 040 |
_aUkOxU _cUkOxU _dCO-BoIAVH |
||
| 041 | 0 | _aspa | |
| 044 | _ack | ||
| 090 | _aSE- | ||
| 245 | 0 | 0 |
_aBoletin SAO / _cSociedad Antioqueña de Ornitología |
| 260 |
_aMedellín (Colombia) : _bSociedad Antioqueña de Ornitología, _c1990-. |
||
| 300 |
_c23 x 17 cm. ; _bilustraciones y mapas |
||
| 310 | _aa | ||
| 500 | _a"Organo de publicación de la Sociedad Antioqueña de Ornitología." | ||
| 650 | 1 | 6 |
_aAves _zColombia _vPublicaciones periódicas |
| 650 | 2 | 6 |
_aOrnitología _zColombia _vPublicaciones periódicas |
| 710 | 2 | _aSociedad Antioqueña de Ornitología. | |
| 942 |
_2z _cREVISTA _s1 |
||
| 999 |
_c16762 _d16762 |
||